000 00892cam2a220027700 4500
001 qce01708938
005 20190823085119.0
008 741010s1973 stka b 001 0 eng
010 _a 74183133 //r883
020 _a005002485X
035 _a(Sirsi) r54931
035 _a(QCAT)lss00609137
035 _a(UPRA)qce01708938
040 _dUPRA
082 _a589/.41
100 1 _aDixon, Peter S. (Peter Stanley)
_qDixon, Peter S. (Peter Stanley)
_6A13768.1
245 1 0 _aBiology of the Rhodophyta /
_cby Peter S. Dixon.
260 _aEdinburgh :
_bOliver & Boyd,
_c1973.
490 0 _aUniversity reviews in botany ;
_v4
_6S3265.1
500 _aIncludes index.
504 _aBibliography: p. 253-280.
650 0 _aRed algae.
_6S9403.1
949 _aQK569
_wlcc
_i33729005805432
_mMAIN
_tBOOK
_lON-SHELF
949 _aQK569
_wlcc
_i33729005806133
_mMAIN
_tBOOK
_lON-SHELF
004 54931
999 _c141328
_d141328